[Event "34 Open Vila de Sitges 2008"]
[Site "Sitges ESP"]
[Date "2008.07.27"]
[Round "6.4"]
[White "Rojas, Luis"]
[Black "Moskalenko, Viktor"]
[Result "0-1"]
[WhiteElo "2428"]
[BlackElo "2569"]
[PlyCount "156"]
[EventDate "2008.07.22"]
[EventType "swiss"]
[EventRounds "9"]
[EventCountry "ESP"]
[SourceTitle "Ajedrez en Madrid"]
[Source "lmi"]
[SourceDate "2008.07.23"]

1. e4 e6 2. d4 d5 3. exd5 exd5 4. Nf3 Nc6 5. Bd3 Bd6 6. O-O Nge7 7. Re1 Bg4 8.
c3 Qd7 9. Nbd2 Bf5 10. Bxf5 Qxf5 11. c4 dxc4 12. Nxc4 O-O-O 13. Be3 Nd5 14. Qa4
Kb8 15. a3 Nb6 16. Nxb6 axb6 17. Rad1 Qd5 18. b4 f6 19. Nd2 b5 20. Qb3 Ne7 21.
Qd3 Qf5 22. Ne4 Nd5 23. f3 h5 24. Bf2 Nf4 25. Qe3 h4 26. Nxd6 Rxd6 27. g4 hxg3
28. Bxg3 Nd5 29. Qe4 Qg5 30. Qg4 Qxg4 31. fxg4 Ra6 32. Rd3 Kc8 33. g5 Kd7 34.
gxf6 gxf6 35. h4 Rha8 36. Ra1 c6 37. Be1 Rg8+ 38. Kh2 Raa8 39. Rg3 f5 40. Bd2
f4 41. Rxg8 Rxg8 42. Rg1 Ra8 43. Bc1 Ke6 44. Rg5 Kf6 45. Kh3 Re8 46. Kg4 Re4
47. h5 Ne3+ 48. Kf3 Rxd4 49. Bxe3 fxe3 50. Rg6+ Kf5 51. Kxe3 Rh4 52. Rg7 Rxh5
53. Rxb7 Ke5 54. Kd2 Rh3 55. Ra7 Kd4 56. Ra6 Rh2+ 57. Kc1 Rh6 58. Rb6 Kc3 59.
Kd1 Kb2 60. Ra6 Rd6+ 61. Ke2 Kc2 62. Ke3 Rd3+ 63. Ke4 Rc3 64. Kd4 Kb2 65. Ke5
Rxa3 66. Rxc6 Kb3 67. Rc1 Kxb4 68. Kd4 Rb3 69. Ra1 Rb2 70. Kd3 Kb3 71. Kd4 b4
72. Kd3 Rh2 73. Rb1+ Ka3 74. Kc4 Rc2+ 75. Kd3 b3 76. Ra1+ Kb2 77. Rg1 Rc8 78.
Rh1 Ka2 0-1

[Event "34 Open Vila de Sitges 2008"]
[Site "Sitges ESP"]
[Date "2008.07.27"]
[Round "6.5"]
[White "Grigore, George-gabriel"]
[Black "Beltran Rueda, Santiago"]
[Result "1-0"]
[WhiteElo "2517"]
[BlackElo "2436"]
[PlyCount "86"]
[EventDate "2008.07.22"]
[EventType "swiss"]
[EventRounds "9"]
[EventCountry "ESP"]
[SourceTitle "Ajedrez en Madrid"]
[Source "lmi"]
[SourceDate "2008.07.23"]

1. d4 d5 2. c4 dxc4 3. Nf3 Nf6 4. e3 e6 5. Bxc4 c5 6. O-O a6 7. Bb3 b6 8. Nc3
Bb7 9. Qe2 Nbd7 10. Rd1 Qc7 11. e4 cxd4 12. Nxd4 Nc5 13. Bc2 Rd8 14. e5 Nd5 15.
Nxd5 Rxd5 16. Bf4 Qd8 17. Qe3 a5 18. a3 a4 19. Nb5 Bc6 20. Rxd5 Bxd5 21. Rd1
Be7 22. Nc3 O-O 23. Nxd5 exd5 24. Qd4 Qc7 25. e6 Qc6 26. exf7+ Rxf7 27. Be5 Ne6
28. Qd3 g6 29. Bb1 Qc5 30. Qe2 Nf4 31. Bxf4 Rxf4 32. g3 Rf8 33. Ba2 Kh8 34.
Rxd5 Qc1+ 35. Rd1 Qc5 36. h4 Bf6 37. Rd2 Bd4 38. Qe1 Kg7 39. Kg2 Qc6+ 40. Kh2
Qf6 41. Rxd4 Qxf2+ 42. Qxf2 Rxf2+ 43. Kh3 Rxb2 1-0

[Event "34 Open Vila de Sitges 2008"]
[Site "Sitges ESP"]
[Date "2008.07.27"]
[Round "6.6"]
[White "Konguvel, Ponnuswamy"]
[Black "Czakon, Jakub"]
[Result "1-0"]
[WhiteElo "2415"]
[BlackElo "2510"]
[PlyCount "121"]
[EventDate "2008.07.22"]
[EventType "swiss"]
[EventRounds "9"]
[EventCountry "ESP"]
[SourceTitle "Ajedrez en Madrid"]
[Source "lmi"]
[SourceDate "2008.07.23"]

1. e4 c5 2. Nf3 d6 3. d4 cxd4 4. Nxd4 Nf6 5. Nc3 a6 6. Bc4 e6 7. Bb3 b5 8. O-O
Be7 9. Qf3 Qc7 10. Qg3 Nc6 11. Nxc6 Qxc6 12. Re1 Bb7 13. a3 Rd8 14. f3 O-O 15.
Bh6 Ne8 16. Rad1 Kh8 17. Bg5 Bxg5 18. Qxg5 Nf6 19. Rd3 Rd7 20. Red1 Rfd8 21.
Qe3 Qc5 22. Ne2 h6 23. a4 Qe5 24. Qd4 Qxd4+ 25. Nxd4 b4 26. a5 Rc7 27. Bxe6
fxe6 28. Nxe6 Rdc8 29. Nxc7 Rxc7 30. Rxd6 Bc6 31. R6d4 Bb5 32. R1d2 b3 33. cxb3
Kg8 34. e5 Ne8 35. f4 g6 36. g4 Kf7 37. Kf2 Ke6 38. Ke3 Rc1 39. Rd1 Rc2 40.
R4d2 Rc5 41. Kd4 Rc7 42. Ke4 Bc6+ 43. Ke3 Bb5 44. Ke4 Bc6+ 45. Ke3 Bb5 46. Rd8
Re7 47. R1d5 h5 48. Rxb5 axb5 49. a6 hxg4 50. a7 Rxa7 51. Rxe8+ Kf7 52. Rc8 Ra2
53. Rc2 Ra8 54. Kf2 Rh8 55. Kg3 Rh3+ 56. Kxg4 Rxb3 57. Kg5 Rb4 58. h4 Re4 59.
Rc7+ Kf8 60. Rb7 b4 61. Rb6 1-0

[Event "34 Open Vila de Sitges 2008"]
[Site "Sitges ESP"]
[Date "2008.07.27"]
[Round "6.7"]
[White "Hoeksema, Hendrik Pieter"]
[Black "Cruz, Cristhian"]
[Result "1/2-1/2"]
[WhiteElo "2335"]
[BlackElo "2508"]
[PlyCount "75"]
[EventDate "2008.07.22"]
[EventType "swiss"]
[EventRounds "9"]
[EventCountry "ESP"]
[SourceTitle "Ajedrez en Madrid"]
[Source "lmi"]
[SourceDate "2008.07.23"]

1. Nf3 Nf6 2. c4 e6 3. Nc3 d5 4. d4 Bb4 5. e3 O-O 6. Bd3 c5 7. O-O Nc6 8. a3
Bxc3 9. bxc3 dxc4 10. Bxc4 Qc7 11. Qc2 b6 12. Bd3 Bb7 13. e4 c4 14. Bxc4 Nxd4
15. cxd4 Rfc8 16. Nd2 b5 17. Bb2 bxc4 18. Rfc1 Ng4 19. Nf1 e5 20. d5 f5 21.
exf5 Bxd5 22. Qe2 Nf6 23. Bxe5 Qe7 24. Qb2 Nd7 25. Bd4 Rab8 26. Qd2 Rb3 27. Bc3
Ba8 28. Ne3 Qf7 29. Qd4 Nf6 30. Ng4 Nxg4 31. Qxg4 h5 32. Qf4 Rf8 33. Bb4 Qxf5
34. Qxf5 Rxf5 35. Rxc4 Kh7 36. Rc5 Rxc5 37. Bxc5 a6 38. h4 1/2-1/2

[Event "34 Open Vila de Sitges 2008"]
[Site "Sitges ESP"]
[Date "2008.07.27"]
[Round "6.8"]
[White "Cuartas, Jaime Alexander"]
[Black "Cruz, Filemon"]
[Result "0-1"]
[WhiteElo "2495"]
[BlackElo "2416"]
[PlyCount "139"]
[EventDate "2008.07.22"]
[EventType "swiss"]
[EventRounds "9"]
[EventCountry "ESP"]
[SourceTitle "Ajedrez en Madrid"]
[Source "lmi"]
[SourceDate "2008.07.23"]

1. e4 d6 2. d4 g6 3. Nf3 Bg7 4. Nc3 Nf6 5. Be2 c6 6. a4 b6 7. O-O a6 8. Re1 O-O
9. h3 Qc7 10. e5 dxe5 11. dxe5 Rd8 12. Bd3 Nd5 13. Nxd5 cxd5 14. Bf4 Nc6 15.
Qd2 e6 16. h4 Bb7 17. h5 d4 18. hxg6 hxg6 19. Bg5 Nxe5 20. Nxe5 Bxe5 21. Bxd8
Rxd8 22. Be4 Bf6 23. Bxb7 Qxb7 24. Ra3 Qc6 25. Qf4 e5 26. Qf3 Qe6 27. Rd3 Kg7
28. c3 Qd6 29. g3 Rh8 30. cxd4 exd4 31. Rc1 Rh5 32. Qc6 Qe5 33. Rcd1 Qe2 34. b3
b5 35. axb5 axb5 36. R3d2 Qe7 37. Kg2 Rc5 38. Qa8 Qe6 39. Rd3 Rc8 40. Qb7 Rc3
41. Qxb5 Qe4+ 42. Kg1 Rc8 43. Qa5 Rh8 44. f3 Qe6 45. Qd2 Qf5 46. Qf2 Rh3 47.
Qg2 g5 48. b4 Rh8 49. Qf2 Qh3 50. Qg2 Qe6 51. f4 Rb8 52. Qd2 Qg4 53. Rf1 Re8
54. Qf2 Re2 55. Qf3 Qe6 56. fxg5 Bxg5 57. Rf2 Re3 58. Rxe3 Bxe3 59. Kg2 Bxf2
60. Kxf2 Qc4 61. Qa3 Qc2+ 62. Kf3 d3 63. Qa1+ Kg6 64. Qa6+ Kh7 65. Qb5 Qe2+ 66.
Kf4 Qf2+ 67. Kg4 Qd4+ 68. Kf3 d2 69. Qh5+ Kg7 70. Qg5+ 0-1

[Event "34 Open Vila de Sitges 2008"]
[Site "Sitges ESP"]
[Date "2008.07.27"]
[Round "6.9"]
[White "Lasinskas, Povilas"]
[Black "Pakleza, Zbigniew"]
[Result "0-1"]
[WhiteElo "2269"]
[BlackElo "2495"]
[PlyCount "110"]
[EventDate "2008.07.22"]
[EventType "swiss"]
[EventRounds "9"]
[EventCountry "ESP"]
[SourceTitle "Ajedrez en Madrid"]
[Source "lmi"]
[SourceDate "2008.07.23"]

1. d4 d6 2. Bg5 Nd7 3. Nf3 Ngf6 4. c4 e5 5. e3 c6 6. Nc3 Be7 7. Qc2 h6 8. Bh4
O-O 9. Rd1 Qa5 10. Be2 Re8 11. O-O a6 12. Nd2 Nf8 13. dxe5 dxe5 14. Bxf6 Bxf6
15. Nde4 Be7 16. Nd6 Rd8 17. Nce4 f5 18. Nxc8 Raxc8 19. Nc3 e4 20. a3 Kh8 21.
Qc1 Qe5 22. Rxd8 Rxd8 23. Rd1 Rxd1+ 24. Nxd1 Bf6 25. Qd2 Qe7 26. Nc3 Qd7 27.
Qxd7 Nxd7 28. Nd1 g6 29. Kf1 Kg8 30. Ke1 Kf7 31. Kd2 Ke6 32. Nc3 Bxc3+ 33. Kxc3
Ke5 34. g3 g5 35. b4 c5 36. Bd1 Kd6 37. Be2 Ne5 38. Kb3 b6 39. Kc3 Kc6 40. Kb3
cxb4 41. axb4 a5 42. Kc3 axb4+ 43. Kxb4 g4 44. Bf1 Nf3 45. h4 Ng1 46. Kc3 Nh3
47. f4 exf3 48. Kd2 Nf2 49. e4 Nxe4+ 50. Ke3 Nxg3 51. Bd3 f2 52. Kxf2 f4 53.
Bg6 Kc5 54. Bf7 Ne4+ 55. Ke2 Nd6 0-1

[Event "34 Open Vila de Sitges 2008"]
[Site "Sitges ESP"]
[Date "2008.07.27"]
[Round "6.10"]
[White "Dekker, Bart"]
[Black "Karlsson, Lars"]
[Result "0-1"]
[WhiteElo "2191"]
[BlackElo "2476"]
[PlyCount "34"]
[EventDate "2008.07.22"]
[EventType "swiss"]
[EventRounds "9"]
[EventCountry "ESP"]
[SourceTitle "Ajedrez en Madrid"]
[Source "lmi"]
[SourceDate "2008.07.23"]

1. d4 f5 2. c4 Nf6 3. Nc3 e6 4. f3 Bb4 5. Bd2 O-O 6. a3 Bxc3 7. Bxc3 d6 8. e3
Qe7 9. Bd3 e5 10. Qd2 c5 11. Ne2 Nc6 12. d5 Nd8 13. Bc2 Nf7 14. h3 Bd7 15.
O-O-O a6 16. Qe1 b5 17. g4 Ng5 0-1

[Event "34 Open Vila de Sitges 2008"]
[Site "Sitges ESP"]
[Date "2008.07.28"]
[Round "7.1"]
[White "Moskalenko, Viktor"]
[Black "Banusz, Tamas"]
[Result "0-1"]
[WhiteElo "2569"]
[BlackElo "2481"]
[PlyCount "86"]
[EventDate "2008.07.22"]
[EventType "swiss"]
[EventRounds "9"]
[EventCountry "ESP"]
[SourceTitle "Ajedrez en Madrid"]
[Source "lmi"]
[SourceDate "2008.07.23"]

1. d4 d5 2. Bf4 Nf6 3. e3 c5 4. c3 Qb6 5. Qb3 c4 6. Qc2 Nc6 7. Nd2 g6 8. e4
Nxe4 9. Nxe4 dxe4 10. d5 Nd8 11. Bxc4 Bg7 12. Be3 Qa5 13. Ne2 f5 14. d6 exd6
15. Qb3 Qc7 16. Nf4 Nf7 17. Nd5 Qd8 18. Nb6 axb6 19. Bxf7+ Kf8 20. Bd5 Be5 21.
Bxb6 Qf6 22. a4 Kg7 23. a5 Re8 24. O-O Be6 25. f4 exf3 26. Rxf3 Bxh2+ 27. Kxh2
Qe5+ 28. Rg3 Bxd5 29. Qb4 Kg8 30. Qh4 Qe7 31. Qxe7 Rxe7 32. Rd1 Bc6 33. Rxd6
Re2 34. b4 f4 35. Rg5 f3 36. b5 Be4 37. Re6 Rf8 38. Rxe4 Rxe4 39. gxf3 Rxf3 40.
Bd4 Re2+ 41. Kg1 Rd3 42. Kf1 Ra2 43. Re5 Rd1+ 0-1

[Event "34 Open Vila de Sitges 2008"]
[Site "Sitges ESP"]
[Date "2008.07.28"]
[Round "7.2"]
[White "Cruz, Filemon"]
[Black "Movsziszian, Karen"]
[Result "0-1"]
[WhiteElo "2416"]
[BlackElo "2560"]
[PlyCount "120"]
[EventDate "2008.07.22"]
[EventType "swiss"]
[EventRounds "9"]
[EventCountry "ESP"]
[SourceTitle "Ajedrez en Madrid"]
[Source "lmi"]
[SourceDate "2008.07.23"]

1. d4 d6 2. Nf3 g6 3. g3 Bg7 4. Bg2 Nf6 5. c4 O-O 6. Nc3 Nc6 7. O-O a6 8. b3
Rb8 9. Bb2 b5 10. d5 Na7 11. cxb5 axb5 12. Nd4 b4 13. Na4 e5 14. Nc2 Qd7 15.
Qd2 Qb5 16. Rac1 Bd7 17. f4 Bh6 18. e3 Bf5 19. Nd4 exd4 20. Qxd4 Bg7 21. Qxa7
Rb7 22. Qd4 Re8 23. Rfe1 Be4 24. Rcd1 Qd7 25. Bxe4 Rxe4 26. Qd3 Qf5 27. Kg2 h5
28. h3 Rb8 29. Bxf6 Bxf6 30. Rc1 Rxf4 31. Qxf5 Rxf5 32. e4 Re5 33. Rxc7 Rbe8
34. Rc4 Rxd5 35. exd5 Rxe1 36. Rxb4 Re2+ 37. Kf3 Rxa2 38. Nb6 Rd2 39. Re4 Bd4
40. Re8+ Kg7 41. Nc4 Rf2+ 42. Ke4 Bc5 43. Rb8 f5+ 44. Kd3 Rf3+ 45. Kc2 Rxg3 46.
b4 Bd4 47. Nxd6 Rc3+ 48. Kd2 Rxh3 49. b5 Rb3 50. Kc2 Rc3+ 51. Kd2 h4 52. b6 Rb3
53. b7 h3 54. Re8 h2 55. Re7+ Kh6 56. Nf7+ Kh5 57. Nd8 Kg4 58. Rh7 Be5 59. Kc2
Rc3+ 60. Kd2 Rh3 0-1

[Event "34 Open Vila de Sitges 2008"]
[Site "Sitges ESP"]
[Date "2008.07.28"]
[Round "7.3"]
[White "Jovanic, Ognjen"]
[Black "Grigore, George-gabriel"]
[Result "1/2-1/2"]
[WhiteElo "2493"]
[BlackElo "2517"]
[PlyCount "89"]
[EventDate "2008.07.22"]
[EventType "swiss"]
[EventRounds "9"]
[EventCountry "ESP"]
[SourceTitle "Ajedrez en Madrid"]
[Source "lmi"]
[SourceDate "2008.07.23"]

1. d4 Nf6 2. c4 g6 3. Nc3 Bg7 4. Nf3 O-O 5. e4 d6 6. Be2 e5 7. Be3 exd4 8. Nxd4
Re8 9. f3 c6 10. Bf2 a6 11. O-O b5 12. a3 Bb7 13. Qd2 Nbd7 14. Rfd1 bxc4 15.
Bxc4 d5 16. exd5 cxd5 17. Bf1 Ne5 18. b3 Rc8 19. Na4 Bf8 20. Qb2 Qd6 21. Rdc1
Nh5 22. Rxc8 Rxc8 23. Qd2 Qc7 24. b4 Nc4 25. Qg5 Be7 26. Qh6 Bf8 27. Qg5 Be7
28. Qc1 Bd6 29. g3 Ng7 30. Nc5 Qe7 31. Qh6 Re8 32. Re1 Qc7 33. Rxe8+ Nxe8 34.
Nxb7 Qxb7 35. Qc1 Qc7 36. Qc3 Be5 37. Qc2 Ned6 38. Qa4 Bxd4 39. Bxd4 Nb5 40.
Qxa6 Nxd4 41. Qa8+ Kg7 42. Qxd5 Qe5 43. Bxc4 Qe3+ 44. Kg2 Qd2+ 45. Kh3 1/2-1/2

[Event "34 Open Vila de Sitges 2008"]
[Site "Sitges ESP"]
[Date "2008.07.28"]
[Round "7.4"]
[White "Papp, Gabor"]
[Black "Konguvel, Ponnuswamy"]
[Result "1-0"]
[WhiteElo "2509"]
[BlackElo "2415"]
[PlyCount "73"]
[EventDate "2008.07.22"]
[EventType "swiss"]
[EventRounds "9"]
[EventCountry "ESP"]
[SourceTitle "Ajedrez en Madrid"]
[Source "lmi"]
[SourceDate "2008.07.23"]

1. e4 c5 2. Nf3 d6 3. d4 cxd4 4. Nxd4 Nf6 5. Nc3 e6 6. Bg5 Be7 7. Qd2 a6 8.
O-O-O b5 9. f3 Bb7 10. h4 Nbd7 11. Kb1 b4 12. Nce2 d5 13. Nf4 e5 14. Nf5 exf4
15. Nxg7+ Kf8 16. Bh6 Kg8 17. Qxf4 Nf8 18. h5 Ne8 19. Nxe8 Qxe8 20. Bxf8 Qxf8
21. h6 f6 22. Qg4+ Kf7 23. exd5 Qg8 24. Qf4 Qg5 25. Qc7 Bxd5 26. Rxd5 Rac8 27.
Rxg5 Rxc7 28. Rg7+ Ke6 29. Bxa6 Bd6 30. Re1+ Kd5 31. Rd1+ Kc5 32. Bb7 Be5 33.
Be4 Kb6 34. Bf5 Bf4 35. Rd4 Re8 36. Rxb4+ Ka5 37. a3 1-0

[Event "34 Open Vila de Sitges 2008"]
[Site "Sitges ESP"]
[Date "2008.07.28"]
[Round "7.5"]
[White "Pakleza, Zbigniew"]
[Black "Antal, Gergely"]
[Result "1-0"]
[WhiteElo "2495"]
[BlackElo "2459"]
[PlyCount "122"]
[EventDate "2008.07.22"]
[EventType "swiss"]
[EventRounds "9"]
[EventCountry "ESP"]
[SourceTitle "Ajedrez en Madrid"]
[Source "lmi"]
[SourceDate "2008.07.23"]

1. d4 Nf6 2. Nf3 g6 3. Bg5 Bg7 4. Nbd2 O-O 5. e3 d6 6. c3 Nbd7 7. Be2 e5 8. Bh4
Qe7 9. O-O h6 10. h3 Nb6 11. Qb3 Re8 12. c4 Bf5 13. c5 Be6 14. Qa3 Nbd7 15.
cxd6 Qxd6 16. dxe5 Qxa3 17. bxa3 Nd5 18. Bg3 Nc3 19. Bd3 Nc5 20. Rfc1 Nxd3 21.
Rxc3 Rad8 22. Rxc7 Nxe5 23. Bxe5 Bxe5 24. Nxe5 Rxd2 25. a4 Bxa2 26. Ng4 Kg7 27.
Rxb7 Rc8 28. Rxa7 Rcc2 29. e4 Rb2 30. a5 h5 31. Ne3 Rxf2 32. a6 Be6 33. Rc7 Ra2
34. Rxa2 Rxa2 35. a7 Kf6 36. Nd5+ Bxd5 37. exd5 Ke5 38. Rd7 h4 39. d6 Ke6 40.
Re7+ Kxd6 41. Rxf7 Ke6 42. Rb7 Ke5 43. Kf1 Kf4 44. Kg1 Ra1+ 45. Kh2 Ke5 46. Rg7
Kf6 47. Rh7 Ke5 48. Rb7 Ra2 49. Kg1 Kf5 50. Rc7 Ke5 51. Rf7 Ke6 52. Rh7 Ke5 53.
Kf1 Kf4 54. Rxh4+ Ke3 55. Kg1 Rxa7 56. Kh2 Ra6 57. Kg3 Rb6 58. Rg4 Ra6 59. Kh4
Kf2 60. Kg5 Rb6 61. Kh6 g5+ 1-0

[Event "34 Open Vila de Sitges 2008"]
[Site "Sitges ESP"]
[Date "2008.07.28"]
[Round "7.6"]
[White "Karlsson, Lars"]
[Black "Erdos, Viktor"]
[Result "0-1"]
[WhiteElo "2476"]
[BlackElo "2576"]
[PlyCount "35"]
[EventDate "2008.07.22"]
[EventType "swiss"]
[EventRounds "9"]
[EventCountry "ESP"]
[SourceTitle "Ajedrez en Madrid"]
[Source "lmi"]
[SourceDate "2008.07.23"]

1. Nf3 d5 2. b3 c5 3. e3 a6 4. Bb2 Nc6 5. d4 Nf6 6. Be2 Bg4 7. O-O e6 8. c4
cxd4 9. exd4 Rc8 10. Nbd2 Be7 11. Ne5 Bxe2 12. Qxe2 O-O 13. Nxc6 bxc6 14. c5 a5
15. a3 Ra8 16. Bc3 Qd7 17. Rfb1 Rfc8 18. Nf3 0-1

[Event "34 Open Vila de Sitges 2008"]
[Site "Sitges ESP"]
[Date "2008.07.28"]
[Round "7.9"]
[White "Granados Gomez, Manuel"]
[Black "Muã<->oz Pantoja, Miguel"]
[Result "1/2-1/2"]
[WhiteElo "2407"]
[BlackElo "2499"]
[PlyCount "119"]
[EventDate "2008.07.22"]
[EventType "swiss"]
[EventRounds "9"]
[EventCountry "ESP"]
[SourceTitle "Ajedrez en Madrid"]
[Source "lmi"]
[SourceDate "2008.07.23"]

1. d4 Nf6 2. c4 c5 3. d5 g6 4. Nc3 d6 5. e4 Bg7 6. h3 O-O 7. Nf3 e6 8. Bd3 exd5
9. cxd5 b5 10. Bxb5 Nxe4 11. Nxe4 Qa5+ 12. Nfd2 Qxb5 13. Nxd6 Qa6 14. N2c4 Nd7
15. O-O Ne5 16. Nxc8 Rfxc8 17. Nxe5 Bxe5 18. Re1 Qf6 19. Rb1 Rd8 20. Re4 Bd4
21. Qe2 Qf5 22. Bf4 Qxd5 23. b3 a5 24. Bh6 Qc6 25. Re1 Bg7 26. Bxg7 Kxg7 27.
Qc2 Rd5 28. Rc4 Rad8 29. Qc3+ Qf6 30. Rxc5 Qxc3 31. Rxc3 Rd1 32. Kf1 R1d2 33.
a4 Rb2 34. g4 Rd6 35. Ree3 Rb6 36. Rf3 f6 37. Kg2 Kh6 38. h4 Rb1 39. Rg3 Rb7
40. g5+ fxg5 41. hxg5+ Kh5 42. Rc5 R7xb3 43. Rxb3 Rxb3 44. Rxa5 Kg4 45. Rb5 Ra3
46. a5 Kf4 47. Kf1 Ra2 48. Ke1 Ke4 49. Kf1 Kf3 50. Ke1 Ke4 51. Kd1 Kd3 52. Kc1
Rxf2 53. Kb1 Kc4 54. Rb7 Rf5 55. a6 Rxg5 56. Rxh7 Ra5 57. a7 g5 58. Rg7 Kb3 59.
a8=Q Rxa8 60. Rxg5 1/2-1/2

[Event "34 Open Vila de Sitges 2008"]
[Site "Sitges ESP"]
[Date "2008.07.28"]
[Round "7.10"]
[White "Sundararajan, Kidambi"]
[Black "Fernandez Aguado, Enrique"]
[Result "1/2-1/2"]
[WhiteElo "2446"]
[BlackElo "2337"]
[PlyCount "108"]
[EventDate "2008.07.22"]
[EventType "swiss"]
[EventRounds "9"]
[EventCountry "ESP"]
[SourceTitle "Ajedrez en Madrid"]
[Source "lmi"]
[SourceDate "2008.07.23"]

1. Nf3 Nf6 2. c4 g6 3. Nc3 d5 4. Qa4+ c6 5. cxd5 Nxd5 6. Nxd5 Qxd5 7. e4 Qd8 8.
d4 Bg7 9. Be2 O-O 10. O-O Nd7 11. Rd1 Nb6 12. Qc2 Bg4 13. Be3 f5 14. d5 cxd5
15. exd5 Rc8 16. Qb3 Kh8 17. Nd4 Bxe2 18. Nxe2 Qd6 19. Nf4 Rc4 20. Ne6 Rfc8 21.
Nxg7 Kxg7 22. Qd3 Kf7 23. b3 Rc3 24. Qd4 R3c5 25. Qh4 Rxd5 26. Qxh7+ Ke8 27.
Re1 Rd8 28. Bg5 Nc8 29. Bxe7 Nxe7 30. Rxe7+ Qxe7 31. Qg8+ Kd7 32. Qxd5+ Kc8 33.
Rc1+ Kb8 34. Qc4 a6 35. h4 Ka8 36. Qf4 Re8 37. Rc7 Qe1+ 38. Kh2 Rh8 39. Qd4 Qe8
40. g3 g5 41. Qb4 Qb8 42. Rc4 f4 43. Kg2 gxh4 44. Rxf4 hxg3 45. fxg3 Qc8 46.
Rh4 Qc2+ 47. Kh3 Qf5+ 48. Kg2 Qc2+ 49. Kh3 Re8 50. Rf4 Qh7+ 51. Kg2 Qc2+ 52.
Rf2 Qc6+ 53. Kg1 Qc1+ 54. Kg2 Qc6+ 1/2-1/2

[Event "34 Open Vila de Sitges 2008"]
[Site "Sitges ESP"]
[Date "2008.07.29"]
[Round "8.1"]
[White "Movsziszian, Karen"]
[Black "Papp, Gabor"]
[Result "1/2-1/2"]
[WhiteElo "2560"]
[BlackElo "2509"]
[PlyCount "152"]
[EventDate "2008.07.22"]
[EventType "swiss"]
[EventRounds "9"]
[EventCountry "ESP"]
[SourceTitle "Ajedrez en Madrid"]
[Source "lmi"]
[SourceDate "2008.07.23"]

1. g3 Nf6 2. Bg2 e6 3. d3 d5 4. Nd2 b6 5. Ngf3 Bb7 6. O-O Nbd7 7. b3 Be7 8. Bb2
O-O 9. e3 c5 10. Re1 Qc7 11. e4 dxe4 12. dxe4 e5 13. Qe2 Rfe8 14. h3 a6 15. a4
Bc6 16. Nh2 b5 17. Nhf1 bxa4 18. bxa4 Nb6 19. Nc4 Nfd7 20. a5 Nxc4 21. Qxc4
Rab8 22. Bc3 Bb5 23. Qd5 c4 24. Qd2 Rbd8 25. Ne3 Bg5 26. Qe2 Bxe3 27. Qxe3 Nc5
28. Rad1 Ne6 29. Rd5 Nd4 30. Bxd4 exd4 31. Rxd4 Rxd4 32. Qxd4 Qxa5 33. Re3 Qd8
34. Qc3 Qd1+ 35. Re1 Qd6 36. Kh2 Rd8 37. Re2 Qd4 38. Qa5 c3 39. Re3 Rc8 40. e5
Qd2 41. e6 fxe6 42. Qb6 Bc4 43. Rxe6 Qxc2 44. Rc6 Rxc6 45. Qxc6 Qe2 46. Bd5+
Bxd5 47. Qxd5+ Kf8 48. Qc5+ Kf7 49. Qc7+ Ke6 50. Qc6+ Kf5 51. Qxc3 Qxf2+ 52.
Kh1 Qf1+ 53. Kh2 Qe2+ 54. Kg1 g6 55. Qc8+ Ke4 56. Qe6+ Kf3 57. Qg4+ Ke3 58.
Qe6+ Kd2 59. Qa2+ Ke1 60. Qa5+ Qd2 61. Qe5+ Qe2 62. Qa5+ Kd1 63. Qa1+ Kd2 64.
Qa2+ Ke3 65. Qe6+ Kd2 66. Qa2+ Ke1 67. Qa5+ Qd2 68. Qe5+ Kd1 69. Qa1+ Ke2 70.
Qxa6+ Kf3 71. Qa3+ Qe3+ 72. Qxe3+ Kxe3 73. Kg2 g5 74. g4 h6 75. Kg3 Ke2 76. Kg2
Ke3 1/2-1/2

[Event "34 Open Vila de Sitges 2008"]
[Site "Sitges ESP"]
[Date "2008.07.29"]
[Round "8.2"]
[White "Banusz, Tamas"]
[Black "Pakleza, Zbigniew"]
[Result "1/2-1/2"]
[WhiteElo "2481"]
[BlackElo "2495"]
[PlyCount "32"]
[EventDate "2008.07.22"]
[EventType "swiss"]
[EventRounds "9"]
[EventCountry "ESP"]
[SourceTitle "Ajedrez en Madrid"]
[Source "lmi"]
[SourceDate "2008.07.23"]

1. d4 d5 2. c4 c6 3. Nf3 Nf6 4. Qc2 Bg4 5. Ne5 Bh5 6. Bf4 e6 7. e3 Nbd7 8. Bd3
Nxe5 9. Bxe5 Bd6 10. Bxd6 Qxd6 11. cxd5 exd5 12. h3 Bg6 13. O-O Bxd3 14. Qxd3
O-O 15. Nd2 Rae8 16. Rab1 Ne4 1/2-1/2

[Event "34 Open Vila de Sitges 2008"]
[Site "Sitges ESP"]
[Date "2008.07.29"]
[Round "8.4"]
[White "Jovanic, Ognjen"]
[Black "Jankovic, Alojzije"]
[Result "1/2-1/2"]
[WhiteElo "2493"]
[BlackElo "2532"]
[PlyCount "28"]
[EventDate "2008.07.22"]
[EventType "swiss"]
[EventRounds "9"]
[EventCountry "ESP"]
[SourceTitle "Ajedrez en Madrid"]
[Source "lmi"]
[SourceDate "2008.07.23"]

1. d4 Nf6 2. Nf3 e6 3. e3 c5 4. Bd3 b6 5. O-O Bb7 6. b3 Be7 7. Bb2 O-O 8. Nbd2
cxd4 9. exd4 d5 10. c4 Nbd7 11. Rc1 Rc8 12. Qe2 Re8 13. Rfe1 g6 14. a3 Bf8
1/2-1/2

[Event "34 Open Vila de Sitges 2008"]
[Site "Sitges ESP"]
[Date "2008.07.29"]
[Round "8.6"]
[White "Sermier, Guillaume"]
[Black "Cruz, Cristhian"]
[Result "1-0"]
[WhiteElo "2366"]
[BlackElo "2508"]
[PlyCount "87"]
[EventDate "2008.07.22"]
[EventType "swiss"]
[EventRounds "9"]
[EventCountry "ESP"]
[SourceTitle "Ajedrez en Madrid"]
[Source "lmi"]
[SourceDate "2008.07.23"]

1. e4 c5 2. Nf3 d6 3. d4 Nf6 4. Nc3 cxd4 5. Nxd4 a6 6. Bg5 e6 7. f4 Qb6 8. Nb3
Be7 9. Qf3 Nbd7 10. O-O-O Qc7 11. Bd3 b5 12. Rhe1 Bb7 13. Qg3 b4 14. Nb1 h6 15.
Qh3 Rg8 16. Bxf6 Bxf6 17. N1d2 a5 18. Nf3 Nc5 19. Bb5+ Kf8 20. e5 Rc8 21. Nxc5
Qxc5 22. Ba4 Be7 23. exd6 Bxd6 24. Ne5 Bxe5 25. Rxe5 Bd5 26. f5 Qc4 27. fxe6
Qf4+ 28. Qe3 Qxe3+ 29. Rxe3 fxe6 30. Bd7 Rc4 31. Re5 Rc7 32. Bxe6 Bxe6 33. Rxe6
Kf7 34. Re5 Rgc8 35. Rd2 Rc5 36. Rf2+ Kg6 37. Rxc5 Rxc5 38. Kd2 Rd5+ 39. Ke3
Rd1 40. c4 a4 41. Ke4 Kh7 42. c5 a3 43. bxa3 bxa3 44. Rc2 1-0

[Event "34 Open Vila de Sitges 2008"]
[Site "Sitges ESP"]
[Date "2008.07.29"]
[Round "8.7"]
[White "Muã<->oz Pantoja, Miguel"]
[Black "Schneider, Stefan"]
[Result "1-0"]
[WhiteElo "2499"]
[BlackElo "2371"]
[PlyCount "57"]
[EventDate "2008.07.22"]
[EventType "swiss"]
[EventRounds "9"]
[EventCountry "ESP"]
[SourceTitle "Ajedrez en Madrid"]
[Source "lmi"]
[SourceDate "2008.07.23"]

1. e4 e6 2. g3 d5 3. Bg2 Nf6 4. e5 Nfd7 5. d4 c5 6. c3 Nc6 7. Ne2 b6 8. c4 Nxd4
9. cxd5 Bb7 10. Nxd4 cxd4 11. O-O Bxd5 12. Bxd5 exd5 13. Qxd4 Bc5 14. Qxd5 O-O
15. Nc3 Qe7 16. Bf4 Rad8 17. Qe4 Qe6 18. Rad1 Rfe8 19. Rfe1 Bf8 20. Nd5 Rc8 21.
Qa4 a5 22. Nc3 Red8 23. Qb5 Nc5 24. Kg2 h6 25. h4 Be7 26. Be3 Rb8 27. a3 Rxd1
28. Rxd1 Qxe5 29. Bf4 1-0